| 000 | 01294nam a2200325 i 4500 | ||
|---|---|---|---|
| 001 | 71151 | ||
| 003 | Mx-PuUPA | ||
| 005 | 20250605163830.0 | ||
| 008 | 241030s2014 sp gr 00| 0 spa d | ||
| 040 |
_aMx-PuUPA _bspa _cMx-PuUPA _dMx-PuUPA _erda |
||
| 041 | 0 | _aspa | |
| 100 | 1 |
_aPortellano, José Antonio, _eautor _917080 |
|
| 245 | 1 | 0 |
_aNeuropsicología de la atención, las funciones ejecutivas y la memoria / _cJosé Antonio Portellano Pérez, Javier García Alba |
| 264 | 1 |
_aMadrid : _bEditorial Síntesis, _c[2014?] |
|
| 300 |
_a314 páginas ; _c23 cm |
||
| 336 |
_2rdacontent _atexto _btxt |
||
| 337 |
_2rdamedia _asin medio _bn |
||
| 338 |
_2rdacarrier _avolumen _bnc |
||
| 490 | 0 |
_aNeuroprisología, neurociencia y ciencias cognitivas ; _v1 |
|
| 650 | 7 |
_2armarc _aNeuropsicología |
|
| 650 | 7 |
_2armarc _aAtención _xAspectos fisiológicos |
|
| 650 | 7 |
_2armarc _aDaño cerebral _xPacientes _xRehabilitación |
|
| 650 | 7 |
_2armarc _aTrastornos cognitivos _xPacientes _xRehabilitación |
|
| 650 | 7 |
_2armarc _aTrastornos de la memoria |
|
| 700 | 1 |
_aGarcía Alba, Javier, _eautor |
|
| 942 |
_2ddc _cLI _h616.8043 _iP83 |
||
| 999 |
_c71151 _d71151 |
||